000 00331nam a2200121Ia 4500
008 240731s9999 xx 000 0 und d
022 _a1177-083X
245 0 _aKōtuitui: New Zealand Journal of Social Sciences Online
260 _bRoutledge
856 _uhttps://www.tandfonline.com/loi/tnzk20
942 _2ddc
942 _cTFEJ
999 _c78378
_d78378
945 _a1
_bMadushi Gamage
_c1
_dMadushi Gamage